LEADER 00844nam--2200313---450- 001 990003320630203316 005 20090928111826.0 035 $a000332063 035 $aUSA01000332063 035 $a(ALEPH)000332063USA01 035 $a000332063 100 $a20090928d1973----km-y0itay50------ba 101 $aeng 102 $aUS 105 $aa---||||001yy 200 1 $a101 brain puzzlers$fE. R. Emmet 210 $aNew York$cBarnes and noble$d1973 215 $aX, 254 p.$cill.$d21 cm 606 0 $aPuzzle$xGiochi matematici 676 $a793.74 700 1$aEMMET,$bE.R.$0605986 801 0$aIT$bsalbc$gISBD 912 $a990003320630203316 951 $a793.74 EMM$b7789/CBS$c793.74$d00328464 959 $aBK 969 $aSCI 979 $aRSIAV7$b90$c20090928$lUSA01$h1118 996 $a101 brain puzzlers$91121384 997 $aUNISA LEADER 01040nam 2200373 450 001 9910424651903321 005 20221021164835.0 010 $a1-83880-587-7 035 $a(CKB)4100000011568853 035 $a(NjHacI)994100000011568853 035 $a(EXLCZ)994100000011568853 100 $a20221021d2020 uy 0 101 0 $aeng 135 $aur||||||||||| 181 $ctxt$2rdacontent 182 $cc$2rdamedia 183 $acr$2rdacarrier 200 00$aBeta Thalassemia /$fedited by Marwa Zakaria and Tamer Hassan 210 1$aLondon :$cIntechOpen,$d2020. 210 4$dİ2020 215 $a1 online resource (xi, 174 pages) $cillustrations 311 $a1-83880-586-9 320 $aIncludes bibliographical references. 606 $aThalassemia 615 0$aThalassemia. 676 $a616.152 702 $aHassan$b Tamer$f1968- 702 $aZakaria$b Marwa 801 0$bNjHacI 801 1$bNjHacl 906 $aBOOK 912 $a9910424651903321 996 $aBeta Thalassemia$92176954 997 $aUNINA